Foliated CR manifolds /

Sparad:
Bibliografiska uppgifter
Huvudupphovsman: Dragomir, Sorin.
Övriga upphovsmän: Nishikawa, Seiki.
Materialtyp: Artikel
Språk:English
Ämnen:
Taggar: Lägg till en tagg
Inga taggar, Lägg till första taggen!
Thư viện lưu trữ: Thư viện Trường Đại học Đà Lạt
LEADER 00935nam a2200313 4500
001 DLU090079111
005 ##20090608
040 # # |a DLU  |b eng 
041 # # |a eng 
044 # # |a JP 
100 # # |a Dragomir, Sorin.  
245 # # |a Foliated CR manifolds /  |c Sorin Dragomir, Seiki Nishikawa. 
653 # # |a CR foliation 
653 # # |a Fefferman metric 
653 # # |a Graham-Lee connection 
653 # # |a Kohn-Rossi cohomology 
653 # # |a Pseudohermitian transformation 
653 # # |a Tanaka-Webster connection 
700 # # |a Nishikawa, Seiki.  
773 # # |t Journal of the Mathematical Society of Japan  |g Vol. 56, no. 4 (October 2004), p. 1031-1068 
920 # # |a Phòng Tạp chí -- Trung tâm Thông tin - Thư viện Trường Đại học Đà Lạt 
994 # # |a DLU 
900 # # |a True 
911 # # |a Trương Bảo Trâm Anh 
925 # # |a G 
926 # # |a A 
927 # # |a BB 
980 # # |a Thư viện Trường Đại học Đà Lạt